Tratado practico de los analisis de la leche y del control de los productos lacteos del dr. /

Guardado en:
Autor Principal: Schneider Karl
Formato: Libro
Publicado: Madrid : Dossat, 1960
Materias:
Etiquetas: Agregar Etiqueta
Sin Etiquetas, Sea el primero en etiquetar este registro!
LEADER 00586nam a22001815a 4500
001 CEM.cems016132
005 20091113111413.0
008 130507s1960##################000#0#####d
003 CEMS
082 0 4 |a 637.12 
100 1 |a Schneider Karl 
245 1 0 |a Tratado practico de los analisis de la leche y del control de los productos lacteos del dr. /  |c Karl Schneider, 
260 |a Madrid :  |b Dossat,  |c 1960 
300 |a 236 
653 |a Industrias lacteas 
653 |a Leche-analisis quimico 
653 |a Leche-control 
859 |a CEMS  |b BIB. CEMS - Agricultura  |h 637.12  |i Sch58  |p A5001.76  |t Ej.1  |v 1  |3 Vol. 1